00666ntaaa2200181 45000030003000000050017000030080021000200400037000410820018000781000063000962450035001592500010001942600064002043000022002685000116002906500061004069990017004670120251027203117.00714s1973 ag 01  aAR-BaBNbspacAR-BaBNeaacrdRIC a225.5610 N82e aBiblia. Nuevo Testamento. Castellano. Norton. 1916 932619 aLas Escrituras del Nuevo Pacto a1 ed. aLeón, México : bCasa Bautista de Publicaciones, c1916 a561 p ; c19,5 cm aTiene un prefacio firmado por G.N. cuyo nombre sería Guilllermo Norton de Edinburgo, Escocia, en ag. de 1857. aBiblia. Nuevo Testamento. Español. Norton. 1916932620 c26538d26538